| 000 | 02019nam a2200301Ia 4500 | ||
|---|---|---|---|
| 999 |
_c52425 _d52425 |
||
| 001 | 19447 | ||
| 003 | GE_BSU | ||
| 005 | 20211201172625.0 | ||
| 008 | 181216s1989||||ge |||||||||||||| ||geo|| | ||
| 020 | _aISBN 5-511-00311-5 | ||
| 040 | _cGE_BSU | ||
| 041 | _ageo | ||
| 080 | _a003(09) გ-19 | ||
| 100 |
_aგამყრელიძე, თამაზ _97541 |
||
| 245 |
_aწერის ანბანური სისტემა და ძველი ქართული დამწერლობა ანბანური წერის ტიპოლოგია და წარმომავლობა = Алфавитное письмо и древнегрузинская письменность Типология и происхождение алфавитных систем письма = Alphabetic writing and the old Georgian script / _cთამაზ გამყრელიძე ; აკაკი შანიძის რედ. და წინასიტყვ. |
||
| 264 |
_aთბილისი : _bთბილ. უნ-ტის გამ-ბა, _c1989. |
||
| 300 |
_a351 გვ. ; _c21 სმ. |
||
| 500 | _a საძიებლები გვ. : 327-350 | ||
| 504 | _aბიბლიოგრაფია გვ. : 306-324 | ||
| 546 | _aსათაური და ტექსტის ნაწილი ქართულ და რუსულ ენებზე | ||
| 653 | _aდამწერლობა | ||
| 653 | _aქართული ენა | ||
| 653 | _aწერის ანბანური სისტემა | ||
| 653 | _aძველი ქართული დამწერლობა | ||
| 700 |
_aშანიძე, აკაკი _eრედაქტორი _913138 |
||
| 710 |
_aსაქართველოს სსრ მეცნიერებათა აკადემია _bაღმოსავლეთმცოდნეობის ინსტიტუტი _913139 |
||
| 942 |
_cBK _2udc |
||